| 000 | 00613nam a2200205 a 4500 | ||
|---|---|---|---|
| 001 | 10926 | ||
| 005 | 20180713195038.0 | ||
| 008 | 140415s1973 mx 000 0 spa d | ||
| 041 | _aspa | ||
| 082 |
_a382.1 _bDEL |
||
| 100 | 1 | _aDELL, SIDNEY | |
| 245 | 1 | 0 | _aBLOQUES DE COMERCIO Y MERCADOS COMUNES |
| 250 | _a1a ed. | ||
| 260 |
_aMEXICO : _bFONDO DE CULTURA ECONOMICA, _c1973 |
||
| 300 | _a319 | ||
| 490 | _aSECCION DE OBRAS ECONOMIA | ||
| 500 | _a(SECCION DE OBRAS DE ECONOMIA) | ||
| 650 | 1 | 4 |
_aCOMERCIO EXTERIOR _xECONOMIA INTERNACIONAL _xPOLITICA ECONOMICA |
| 700 | 1 |
_aREYES, ROBERTO _etr. |
|
| 999 |
_c10926 _d10926 |
||